000 00430nam a2200157 4500
001 116687
003 ES-MaACL
005 20230906190741.0
007 t|
008 061121s1961 sp r ||||1| spa d
100 1 _aOtte, Enrique.
_987942
245 1 0 _aCedulario de la isla de Cubagua /
_cpor Enrique Otte.
260 _aMadrid :
_bMaestre,
_c1961.
300 _aLIX, 8 lám. ;
_c25 cm.
852 _aES-MaACL
_jC-20416
_bR.48573
999 _c116687
_d116687